000 00641nam a2200193 i 4500
001 66279
003 ES-MaACL
005 20250817115632.0
007 t|
008 040203s1962 sp ||||1| spa d
100 1 _aGaleazzi-Lisi, Richard.
_953370
245 1 0 _aA la luz y bajo la sombra de Pío XII /
_cRicardo Galeazzi-Lisi ; [versión española de Fco. José Alcántara].
250 _a[1ª ed.].
260 _aBarcelona :
_bLuis de Caralt,
_c[1962]
300 _a290 p., 22 lám. ;
_c21 cm.
700 1 _aAlcántara, Francisco José,
_d1922-1999
_919493
852 _aES-MaACL
_jC-21192
_bR.49638
999 _c66279
_d66279